Pure Luck - Sudden Death - Statistics

General Stats
  • This quiz has been taken 615 times
  • The average score is 3 of 15
Answers on the Grid
Answers color-coded by a green-red scale on the quiz's grid according to % correct below.
πŸ€ Pure Luck?
πŸ€ Pure Luck?
πŸ€ Pure Luck?
πŸ€ Pure Luck?
πŸ€ Pure Luck?
πŸ€ Pure Luck?
πŸ€ Pure Luck?
πŸ€ Pure Luck?
πŸ€ Pure Luck?
πŸ€ Pure Luck?
πŸ€ Pure Luck?
πŸ€ Pure Luck?
πŸ€ Pure Luck?
πŸ€ Pure Luck?
πŸ€ Pure Luck?
πŸ€ Pure Luck?
πŸ€ Pure Luck?
πŸ€ Pure Luck?
πŸ€ Pure Luck?
πŸ€ Pure Luck?
 
Answer Stats
Answer % Correct
πŸ€ Pure Luck?
29%
πŸ€ Pure Luck?
27%
πŸ€ Pure Luck?
27%
πŸ€ Pure Luck?
27%
πŸ€ Pure Luck?
24%
πŸ€ Pure Luck?
23%
πŸ€ Pure Luck?
23%
πŸ€ Pure Luck?
21%
πŸ€ Pure Luck?
21%
πŸ€ Pure Luck?
21%
πŸ€ Pure Luck?
21%
πŸ€ Pure Luck?
19%
πŸ€ Pure Luck?
17%
πŸ€ Pure Luck?
17%
πŸ€ Pure Luck?
13%
No matching quizzes found
Score Distribution
Percent of People with Each Score
Percentile by Number Answered
Your Score History
You have not taken this quiz